Geschichte unserer Zeit seit Tode Friedrichs des Zweiten. Von Karl Adolf Menzel. Zweies Theil, Bis zum zweiten Pariser Vertrage, 1815

Hlavní autor: Menzel, Karl Adolf, 1784-1855
Další autoři: Becker, Friedrich
Jazyk: Němčina
Vydáno: Berlin : Bei Duncker und Humblot, 1825
Témata:
Externí odkaz: Titulní list
Fyzický popis: X, 844,[8] s.; 8°
Knihy
Uloženo v:
LEADER 01669nam a2200433 a 4500
001 mzk03001192781
003 CZ BrMZK
005 20130927124215.0
007 ta
008 130924s1825 gw f |||| 0 ger d
040 |a BOA001  |b cze 
043 |a e------ 
072 7 |a 094.5  |x Tisky (19. století)  |2 Konspekt  |9 12 
072 7 |a 93/94  |x Dějiny (obecně)  |2 Konspekt  |9 8 
080 |a 93/94  |2 MRF 
080 |2 MRF  |a (4) 
080 |a 025.171  |2 MRF 
100 1 |a Menzel, Karl Adolf,  |d 1784-1855  |7 hka2012694175 
245 1 0 |a Geschichte unserer Zeit seit Tode Friedrichs des Zweiten. Von Karl Adolf Menzel.  |n Zweies Theil,  |p Bis zum zweiten Pariser Vertrage, 1815 
246 1 0 |a Weltgeschichte von Karl Friedrich Becker 
260 |a Berlin :  |b Bei Duncker und Humblot,  |c 1825 
300 |a X, 844,[8] s.;  |c 8° 
500 |a Výzdoba: Linky 
561 |a Provenience: Rajhradské znakové exlibris 
563 |a Vazba polousňová na lepenkové desce, zlacená slepotisková výzdoba na hřbetu a hřbetním štítku, žlutá ořízka 
650 7 |a historické knihovní fondy  |7 ph172933  |2 czenas 
651 7 |a Evropa  |x dějiny  |7 ge137210  |2 czenas 
700 1 |a Becker, Friedrich  |4 ant 
856 4 1 |u https://imageserver.mzk.cz/mzk03/001/192/781/328100209660.titul.jp2  |y Titulní list 
910 |e BOE950  |c R - J. II. e. 15 
978 |b Duncker - dílna  |a Berlin  |c 1825 
978 |b Humblot - dílna  |a Berlin  |c 1825 
982 0 |a Rajhrad - benediktinský klášter 
984 |a Berlín  |b Německo 
985 |a 1801-1850 
990 |a BK 
996 |e BOE950  |c R - J. II. e. 15 
980 |c 209660  |g R - J. II. e. 15  |1 328100209660  |p BNr. 16430, XIII.b.108 
991 |k rajhrad